000 00669cam a2200253 4500
001 241602
003 ARRUPE
005 20131121160449.0
008 840725s1953 nyu 000 1 eng
010 _a 53006976
035 _a(OCoLC)282381
035 _a(OCoLC)ocm00282381
035 _a(CStRLIN)NYCG84-B47130
035 _a(NNC)241602
040 _aDLC
_cDLC
_dNBiSU
_dNNC
050 0 _aPZ3.C3983
_bEn
090 _aPS3505.H6428
_bE5 1953
100 1 _aCheever, John.
_93617
245 1 4 _aThe enormous radio, and other stories.
260 _aNew York,
_bFunk & Wagnalls,
_c1953.
300 _a237 p.
_c22 cm.
942 _2lcc
_cMONOGRAPH
999 _c118622
_d118622